Gaming Quiz

Random Gaming or Minecraft Quiz
Score 0/17 Timer 10:00
0 Plays Today
Hint Answer % Correct
Ecli___???
100%
Careb____???
50%
Lege_____???
50%
__craft___???
25%
CH____???
25%
Zom____???
25%
Face____???
25%
Brave_____???
25%
So___???
25%
Hint Answer % Correct
Ar__o_4???
25%
Asp___???
0%
Nex__???
0%
Ad___???
0%
Go__ Gr___???
0%
Ch___???
0%
R___O_???
0%
Band____???
0%
Remove Ads.
Support Sporcle.
Get the best of Sporcle when you Go Orange. This ad-free experience offers more features, more stats, and more fun while also helping to support Sporcle. Thank you for becoming a member.

You're not logged in!

Compare scores with friends on all Sporcle quizzes.
OR
Log In

Show Comments

Extras

Top Quizzes Today


Score Distribution

Your Account Isn't Verified!

In order to create a playlist on Sporcle, you need to verify the email address you used during registration. Go to your Sporcle Settings to finish the process.

Report this User

Report this user for behavior that violates our Community Guidelines.

Details: